00334nam a2200109Ia 4500020001500000082001900015245004600034260004800080440005100128650001700179700002800196 a8171415954 aRR 323.03 INT- 0aInternational instruments of human rights aNew DelhibDiscovery Publishing Housec2001 aInternational encyclopaedia of human rights; 1 aHuman rights aRao, Digumarti Bhaskara